Banská - Bystrica, Porgesov palác, ul Nápotočku

Zobrazenie: V bielom orámovaní nočný pohľad na ulicu, po oboch stranách lemovanú domami, na ktorej sú dvaja muži. V popredí vpravo je dom a pred ním je latkový plot a dva listnaté stromy. Na dome je lešenie, na ktorom sú dvaja muži. Za domom je štvorposchodový rožný dom. Vľavo v popredí je rad listn...

Full description

Bibliographic Details
Format: Postcard
Language:Slovak
PhysicalDescription:1 pohľadnica tónovaná do modra 9 x 14 cm
Published: [Prešov] Lichtig [1926?]
Subjects:

MARC

LEADER 00000nkm a2200000 a 4500
001 vtls011986331
003 SK-MaSNL
005 20260512124349.0
007 kp ao
008 231121q1926 xo g kuslo
015 |a SNBG1926 
035 |a urn:nbn:sk:snk-km00fd0j 
035 |a urn:nbn:sk:snk-km45u3q 
035 |a CF586555-9422-4C77-9AF4-8468242ECA94 
040 |a SNK  |b slo  |c SNK  |e AACR2 
041 0 |a slo 
043 |a e-xo--- 
044 |a xo  |c SK 
072 7 |a 913  |x Regionálna geografia  |2 konspekt 
080 |a 913(437.6)  |2 2011 
080 |a (084.121)  |2 2011 
080 |a 721  |2 2011 
080 |a 711.73  |2 2011 
080 |a 725.1:342.3-057.341/.343  |2 2011 
245 0 0 |a Banská - Bystrica, Porgesov palác, ul Nápotočku  |h grafika 
246 3 3 |a Banská Bystrica, Porgesov palác, ul Nápotočku 
260 |a [Prešov]  |b Lichtig  |c [1926?] 
300 |a 1 pohľadnica  |b tónovaná do modra  |c 9 x 14 cm 
500 |a Názvové údaje prevzaté z obrazovej časti pohľadnice 
520 8 |a Zobrazenie: V bielom orámovaní nočný pohľad na ulicu, po oboch stranách lemovanú domami, na ktorej sú dvaja muži. V popredí vpravo je dom a pred ním je latkový plot a dva listnaté stromy. Na dome je lešenie, na ktorom sú dvaja muži. Za domom je štvorposchodový rožný dom. Vľavo v popredí je rad listnatých stromov, medzi ktorými je muž a lampa verejného osvetlenia 
610 2 7 |a Porgesov palác (Banská Bystrica, Slovensko)  |2 SNKKA  |9 565606 
650 0 7 |a ulice  |2 SNKPH  |9 2938 
650 0 7 |a budovy  |2 SNKPH  |9 1283 
650 0 7 |a paláce  |2 SNKPH  |9 26828 
651 7 |a Banská Bystrica (Slovensko)  |2 SNKPHgeo  |9 22015 
655 7 |a miestne pohľadnice  |2 SNKPH  |9 70510 
852 |a Slovenská národná knižnica 
954 |a pohľadnice pôvodné (slovenské)  |2 lita 
958 |a GBN 
958 |a OND 
958 |a GC 
958 |a EUIPO 
999 |c 867321  |d 869251 
952 |a SNK  |b SNK  |y PREZ  |7 0  |p 17A1436412  |o snkSP 101182  |z Pohľadnica prešla poštou.  |0 0  |1 0  |4 0  |d 2020-08-10  |f 1  |l 0  |r 2026-02-24 05:31:22  |w 2026-02-24